BIBLIOTECA PODER JUDICIAL
Portal Judicial TDF

Progenitores y abuelos : (Registro nro. 6236)

000 -LEADER
fixed length control field 01406nab a22002417a 4500
003 - CONTROL NUMBER IDENTIFIER
control field OSt
005 - DATE AND TIME OF LATEST TRANSACTION
control field 20260126044914.0
008 - FIXED-LENGTH DATA ELEMENTS--GENERAL INFORMATION
fixed length control field 190514b xxu||||| |||| 00| 0 spa d
040 ## - CATALOGING SOURCE
Transcribing agency PJ
100 ## - MAIN ENTRY--PERSONAL NAME
9 (RLIN) 4778
Personal name Imas, Verónica
245 10 - TITLE STATEMENT
Title Progenitores y abuelos :
Statement of responsibility, etc comparando y asumiendo responsabilidades /
Remainder of title Verónica Imas.
300 ## - PHYSICAL DESCRIPTION
Extent p. 193-203
500 ## - GENERAL NOTE
General note Cita: TR LALEY AR/DOC/2671/2024.
505 ## - FORMATTED CONTENTS NOTE
Formatted contents note Sumario: I. Introducción.— II. Hechos.— III. Necesidades de las hijas. Mantener el nivel de vida.— IV. Capacidad económica del alimentante. Ingresos de los progenitores.— V. Obligación alimentaria por parte de los abuelos. Subsidiariedad. Requisitos de admisibilidad. Grupos vulnerables.— VI. Ingresos de los abuelos.— VII. Valor económico de las tareas de cuidado personal.— VIII. Perspectiva de género. Perspectiva de niñez.— IX. Conclusiones.
505 ## - FORMATTED CONTENTS NOTE
Title Fallo comentado: ST Entre Ríos, sala II civil y com. ~ 06/06/2024 ~ B. V. L. c. R. G. J., R. J. P. Y S. S. E. s/ alimentos.
650 #0 - SUBJECT ADDED ENTRY--TOPICAL TERM
9 (RLIN) 967
Topical term or geographic name as entry element DERECHO DE FAMILIA
650 #0 - SUBJECT ADDED ENTRY--TOPICAL TERM
9 (RLIN) 1015
Topical term or geographic name as entry element RESPONSABILIDAD PARENTAL
650 #0 - SUBJECT ADDED ENTRY--TOPICAL TERM
9 (RLIN) 968
Topical term or geographic name as entry element ALIMENTOS
650 #0 - SUBJECT ADDED ENTRY--TOPICAL TERM
9 (RLIN) 3829
Topical term or geographic name as entry element ABUELOS
650 #0 - SUBJECT ADDED ENTRY--TOPICAL TERM
9 (RLIN) 1057
Topical term or geographic name as entry element JURISPRUDENCIA APLICABLE
773 0# - HOST ITEM ENTRY
Host Biblionumber 2844
Host Itemnumber 3222
Place, publisher, and date of publication Buenos Aires : AbeledoPerrot, 1989-
Title Derecho de familia. Revista Interdisciplinaria de doctrina y jurisprudencia. Diciembre 2024-VI.
International Standard Book Number 18511201
942 ## - ADDED ENTRY ELEMENTS (KOHA)
Source of classification or shelving scheme
Koha item type Analítica Artículo de Revista

No hay ítems disponibles.

12 de Octubre 789 Ushuaia - Tel:  54(02901)441571
Horario de Atención: 8.00 a 17.00 hs. 
bibliotecaush@justierradelfuego.gov.ar
koha@justierradelfuego.gov.ar
Seguinos en nuestras redes @bibliojustdf 

Con tecnología Koha